[Event "Titled Tuesday intern op 12th Sep Early"]
[Site "Chess.com INT"]
[Date "2023.09.12"]
[Round "1"]
[White "Toczek, Grzegorz"]
[Black "Materia, Marco"]
[Result "0-1"]
[WhiteElo "2267"]
[BlackElo "2433"]
[PlyCount "78"]
[EventDate "2023.09.12"]
[EventType "swiss (blitz)"]
[EventRounds "11"]
[EventCountry "USA"]
[SourceTitle "EXT 2024"]
[Source "ChessBase"]
[SourceDate "2023.10.10"]
[SourceVersion "1"]
[SourceVersionDate "2023.10.10"]
[SourceQuality "1"]

1. e4 c5 2. Nf3 e6 3. b3 Nc6 4. Bb2 Qc7 5. Bb5 a6 6. Bxc6 Qxc6 7. Nc3 d6 8. 0-0 Nf6 9. Re1 e5 10. d3 Be7 11. Ne2 0-0 12. Ng3 g6 13. h3 b5 14. c3 Ne8 15. d4 f6 16. Nf1 Bb7 17. Qd2 Ng7 18. Rad1 Rfd8 19. d5 Qd7 20. c4 Nh5 21. Ne3 Nf4 22. Kh2 Kg7 23. Ng1 bxc4 24. Nxc4 Qb5 25. Bc3 Rd7 26. g3 Nh5 27. f4 Kg8 28. Rf1 Bf8 29. Ba5 Rg7 30. f5 gxf5 31. Rxf5 Nxg3 32. Rf3 Nxe4 33. Qe3 Ng5 34. Rxf6 Be7 35. Rf5 Qd7 36. Rff1 Rf8 37. Rxf8+ Bxf8 38. Nf3 Qxh3+ 39. Kg1 Ne4+ 0-1

[Event "Titled Tuesday intern op 05th Sep Early"]
[Site "Chess.com INT"]
[Date "2023.09.05"]
[Round "3"]
[White "Toczek, Grzegorz"]
[Black "Donchenko, Alexander"]
[Result "0-1"]
[WhiteElo "2267"]
[BlackElo "2679"]
[PlyCount "70"]
[EventDate "2023.09.05"]
[EventType "swiss (blitz)"]
[EventRounds "11"]
[EventCountry "USA"]
[SourceTitle "EXT 2024"]
[Source "ChessBase"]
[SourceDate "2023.10.10"]
[SourceVersion "1"]
[SourceVersionDate "2023.10.10"]
[SourceQuality "1"]

1. e4 e5 2. Nf3 Nc6 3. d4 exd4 4. Bc4 Nf6 5. e5 Ne4 6. 0-0 Be7 7. c3 d5 8. Bb5 dxc3 9. Nxc3 Nxc3 10. bxc3 0-0 11. Bf4 Bg4 12. h3 Bh5 13. Qd3 a6 14. Ba4 b5 15. Bb3 Na5 16. Bxd5 c6 17. Be4 Qxd3 18. Bxd3 Rfd8 19. Be4 Bg6 20. Bxg6 hxg6 21. a4 Nb3 22. Ra2 Nc5 23. axb5 cxb5 24. Nd4 Rdc8 25. Rfa1 Na4 26. Bd2 Bc5 27. Nb3 Bb6 28. e6 fxe6 29. Re1 Rc6 30. Nd4 Bxd4 31. cxd4 Nb6 32. Bb4 Nc4 33. Bc5 a5 34. Rb1 Rb8 35. Rc2 Na3 0-1

[Event "Titled Tuesday intern op 05th Sep Early"]
[Site "Chess.com INT"]
[Date "2023.09.05"]
[Round "1"]
[White "Toczek, Grzegorz"]
[Black "Kovalev, Vladislav"]
[Result "0-1"]
[WhiteElo "2267"]
[BlackElo "2582"]
[PlyCount "48"]
[EventDate "2023.09.05"]
[EventType "swiss (blitz)"]
[EventRounds "11"]
[EventCountry "USA"]
[SourceTitle "EXT 2024"]
[Source "ChessBase"]
[SourceDate "2023.10.10"]
[SourceVersion "1"]
[SourceVersionDate "2023.10.10"]
[SourceQuality "1"]

1. e4 e5 2. Nf3 Nc6 3. d4 exd4 4. Bc4 Nf6 5. e5 d5 6. Bb5 Nd7 7. 0-0 Be7 8. Bxc6 bxc6 9. Nxd4 Nb8 10. Nc3 c5 11. Ndb5 c6 12. Nd6+ Bxd6 13. exd6 0-0 14. Bf4 Be6 15. Na4 Nd7 16. c3 Qa5 17. Re1 Rab8 18. b3 Rfe8 19. Qd2 c4 20. Rab1 c5 21. Qc2 d4 22. cxd4 cxb3 23. axb3 Bxb3 24. Rxb3 Qxe1# 0-1

[Event "Titled Tuesday intern op 13th Jun Early"]
[Site "Chess.com INT"]
[Date "2023.06.13"]
[Round "7"]
[White "Toczek, Grzegorz"]
[Black "Arat, Ufuk Sezen"]
[Result "0-1"]
[WhiteElo "2267"]
[BlackElo "2389"]
[PlyCount "84"]
[EventDate "2023.06.13"]
[EventType "swiss (blitz)"]
[EventRounds "11"]
[EventCountry "USA"]
[SourceTitle "EXT 2024"]
[Source "ChessBase"]
[SourceDate "2023.10.10"]
[SourceVersion "1"]
[SourceVersionDate "2023.10.10"]
[SourceQuality "1"]

1. e4 c5 2. Nf3 e6 3. c3 d5 4. exd5 Qxd5 5. d4 Nf6 6. Na3 Nc6 7. Nc2 cxd4 8. Ncxd4 Bc5 9. Be3 0-0 10. Nxc6 Qxc6 11. Bxc5 Qxc5 12. Qd4 Qc7 13. Qe5 Qb6 14. 0-0-0 Ng4 15. Qd4 Nxf2 16. Qh4 Nxd1 17. Bd3 Qe3+ 18. Kc2 Qf2+ 19. Kxd1 Qxh4 20. Nxh4 e5 21. Re1 f6 22. Bc4+ Kh8 23. Kc1 g5 24. Nf3 Bf5 25. Nd2 Rad8 26. Nb3 b6 27. Re3 Bg6 28. g4 Rde8 29. Bb5 Re7 30. Nd2 f5 31. gxf5 Bxf5 32. Nc4 e4 33. Nd6 Bg6 34. Be2 Rd8 35. Nc4 h5 36. h3 Kg7 37. a4 Kh6 38. a5 bxa5 39. Nxa5 Rf8 40. Nc6 Ref7 41. b4 Rf3 42. Bxf3 exf3 0-1

[Event "Titled Tuesday intern op 06th Jun Early"]
[Site "Chess.com INT"]
[Date "2023.06.06"]
[Round "3"]
[White "Lacasa Diaz, Jose Antonio"]
[Black "Toczek, Grzegorz"]
[Result "1-0"]
[WhiteElo "2351"]
[BlackElo "2267"]
[PlyCount "59"]
[EventDate "2023.06.06"]
[EventType "swiss (blitz)"]
[EventRounds "11"]
[EventCountry "USA"]
[SourceTitle "EXT 2024"]
[Source "ChessBase"]
[SourceDate "2023.10.10"]
[SourceVersion "1"]
[SourceVersionDate "2023.10.10"]
[SourceQuality "1"]

1. d4 e6 2. c4 Nf6 3. Nf3 b6 4. g3 Ba6 5. b3 Bb7 6. Bg2 Be7 7. 0-0 0-0 8. Nc3 d5 9. Qc2 Nbd7 10. Rd1 c6 11. Bb2 Qc7 12. Rac1 Rac8 13. Ne5 Nxe5 14. dxe5 Nd7 15. f4 dxc4 16. bxc4 c5 17. Nb5 Qb8 18. Rxd7 Bxg2 19. Kxg2 a6 20. Nc3 Rfe8 21. Rcd1 b5 22. Qe4 Qb6 23. cxb5 axb5 24. Rb7 Qa5 25. Rxb5 Qa6 26. Qb7 Ra8 27. Qxa6 Rxa6 28. Rd7 g6 29. a4 Kf8 30. Ba3 1-0

[Event "Titled Tuesday intern op 06th Jun Early"]
[Site "Chess.com INT"]
[Date "2023.06.06"]
[Round "4"]
[White "Toczek, Grzegorz"]
[Black "Chuersakul, Sarocha"]
[Result "0-1"]
[WhiteElo "2267"]
[BlackElo "1876"]
[PlyCount "74"]
[EventDate "2023.06.06"]
[EventType "swiss (blitz)"]
[EventRounds "11"]
[EventCountry "USA"]
[SourceTitle "EXT 2024"]
[Source "ChessBase"]
[SourceDate "2023.10.10"]
[SourceVersion "1"]
[SourceVersionDate "2023.10.10"]
[SourceQuality "1"]

1. d4 Nf6 2. Nf3 g6 3. g3 Bg7 4. Bg2 d6 5. 0-0 0-0 6. b3 Nfd7 7. Bb2 c5 8. e3 Nc6 9. c4 Rb8 10. Nc3 a6 11. Rc1 cxd4 12. Nxd4 Nxd4 13. exd4 b5 14. cxb5 axb5 15. Qe2 b4 16. Nd5 e6 17. Ne3 d5 18. h4 h5 19. Bf3 Qb6 20. Rfd1 Ba6 21. Qd2 Rfc8 22. Ng2 Qa5 23. a4 Nb6 24. Nf4 Nc4 25. bxc4 dxc4 26. Qe3 c3 27. Ba1 Bb7 28. Bxb7 Rxb7 29. Nd3 Rbc7 30. Ne5 Qxa4 31. Nxf7 Kxf7 32. d5 Re7 33. dxe6+ Rxe6 34. Qf3+ Rf6 35. Qb7+ Kg8 36. Qxc8+ Kh7 37. Rd7 Qa2 0-1

[Event "Titled Tuesday intern op 07th Feb Early"]
[Site "Chess.com INT"]
[Date "2023.02.07"]
[Round "9"]
[White "Karttunen, Mika"]
[Black "Toczek, Grzegorz"]
[Result "0-1"]
[WhiteElo "2495"]
[BlackElo "2250"]
[PlyCount "78"]
[EventDate "2023.02.07"]
[EventType "swiss (blitz)"]
[EventRounds "11"]
[EventCountry "USA"]
[SourceTitle "EXT 2024"]
[Source "ChessBase"]
[SourceDate "2023.10.10"]
[SourceVersion "1"]
[SourceVersionDate "2023.10.10"]
[SourceQuality "1"]

1. e4 d5 2. exd5 Qxd5 3. Nc3 Qd6 4. d4 Nf6 5. Nf3 a6 6. g3 Bg4 7. Bg2 Nbd7 8. h3 Bh5 9. Bf4 Qb6 10. 0-0 0-0-0 11. Qe2 e6 12. Na4 Qa5 13. b3 Bd6 14. Bd2 Bb4 15. c3 Bd6 16. c4 Bb4 17. Bf4 Rhe8 18. g4 Bg6 19. Ne5 Nxe5 20. Bxe5 Nd7 21. Qf3 c6 22. Bg3 Nf6 23. a3 Bd6 24. Bxd6 Rxd6 25. c5 Rxd4 26. Nb6+ Kb8 27. b4 Qb5 28. Qg3+ e5 29. Rfd1 Rxd1+ 30. Rxd1 Qe2 31. Rd6 Ne4 32. Bxe4 Bxe4 33. Kh2 Qf1 34. Qg1 Qe2 35. Rd7 Qf3 36. Nc4 h5 37. Nd6 hxg4 38. Rxb7+ Ka8 39. h4 Qh3# 0-1

[Event "Titled Tuesday intern op 07th Feb Early"]
[Site "Chess.com INT"]
[Date "2023.02.07"]
[Round "8"]
[White "Prieto Aranguren, Alain"]
[Black "Toczek, Grzegorz"]
[Result "0-1"]
[WhiteElo "2268"]
[BlackElo "2250"]
[PlyCount "56"]
[EventDate "2023.02.07"]
[EventType "swiss (blitz)"]
[EventRounds "11"]
[EventCountry "USA"]
[SourceTitle "EXT 2024"]
[Source "ChessBase"]
[SourceDate "2023.10.10"]
[SourceVersion "1"]
[SourceVersionDate "2023.10.10"]
[SourceQuality "1"]

1. d4 c5 2. d5 e6 3. e4 exd5 4. exd5 d6 5. Nf3 Nf6 6. c4 Be7 7. Nc3 0-0 8. Bd3 Bg4 9. 0-0 Nbd7 10. Re1 Ne5 11. Be2 Bxf3 12. Bxf3 Nxc4 13. Ne4 Ne5 14. Ng5 h6 15. Nh3 Nfd7 16. Bf4 Bf6 17. Bh5 Re8 18. Qd2 Nf8 19. Rac1 Nfg6 20. Be3 Qd7 21. Qd1 Qf5 22. Rc3 c4 23. Bd4 Nd3 24. Rxe8+ Rxe8 25. Bxf6 Re1+ 26. Qxe1 Nxe1 27. Bxg6 Qxg6 28. Bd4 Qxg2# 0-1

[Event "Titled Tuesday intern op 07th Feb Early"]
[Site "Chess.com INT"]
[Date "2023.02.07"]
[Round "3"]
[White "Toczek, Grzegorz"]
[Black "Balint, Vilmos"]
[Result "1-0"]
[WhiteElo "2250"]
[BlackElo "2210"]
[PlyCount "97"]
[EventDate "2023.02.07"]
[EventType "swiss (blitz)"]
[EventRounds "11"]
[EventCountry "USA"]
[SourceTitle "EXT 2024"]
[Source "ChessBase"]
[SourceDate "2023.10.10"]
[SourceVersion "1"]
[SourceVersionDate "2023.10.10"]
[SourceQuality "1"]

1. d4 Nf6 2. Nf3 g6 3. Bf4 Bg7 4. e3 d6 5. h3 0-0 6. Nbd2 Nfd7 7. Be2 e5 8. Bh2 Nc6 9. c3 Qe8 10. 0-0 f5 11. Qb3+ Kh8 12. Nc4 e4 13. Nfd2 Nf6 14. a4 Rb8 15. a5 a6 16. Qc2 Be6 17. b4 Bg8 18. Rab1 Na7 19. Na3 h6 20. c4 g5 21. b5 axb5 22. cxb5 f4 23. Qxc7 Nd5 24. Qxd6 fxe3 25. fxe3 Rxf1+ 26. Nxf1 Rd8 27. Qc5 Nxe3 28. Be5 Bxe5 29. dxe5 Nxf1 30. Rxf1 Nc8 31. Nc4 Rd5 32. Qb4 Rxb5 33. Qc3 Be6 34. Nd6 Nxd6 35. exd6+ Kh7 36. Bxb5 Qxb5 37. Qf6 Qc5+ 38. Kh1 Qxd6 39. Rb1 Qd7 40. Qe5 Bf5 41. Rb6 Bxh3 42. Qxe4+ Kh8 43. gxh3 Qxh3+ 44. Kg1 Qg3+ 45. Kf1 Qh3+ 46. Ke2 Qh2+ 47. Kd3 Qd6+ 48. Qd4+ Qxd4+ 49. Kxd4 1-0

[Event "Titled Tuesday intern op 31st Jan Early"]
[Site "Chess.com INT"]
[Date "2023.01.31"]
[Round "11"]
[White "Buscar, Michael"]
[Black "Toczek, Grzegorz"]
[Result "1/2-1/2"]
[WhiteElo "2041"]
[BlackElo "2250"]
[PlyCount "79"]
[EventDate "2023.01.31"]
[EventType "swiss (blitz)"]
[EventRounds "11"]
[EventCountry "USA"]
[SourceTitle "CBM 212 Extra"]
[Source "ChessBase"]
[SourceDate "2023.03.31"]
[SourceVersion "1"]
[SourceVersionDate "2023.03.31"]
[SourceQuality "1"]

1. e4 e6 2. Nf3 d5 3. Nc3 Nf6 4. exd5 Nxd5 5. Bc4 Be7 6. 0-0 0-0 7. Ne2 c5 8. d4 Nc6 9. c3 a6 10. Bd3 b5 11. Bc2 Nf6 12. dxc5 Qxd1 13. Rxd1 Bxc5 14. Bg5 Bb7 15. Ned4 Nxd4 16. Nxd4 Rac8 17. Nb3 Bb6 18. Bxf6 gxf6 19. Rd7 Bc6 20. Rd6 Rfd8 21. Rad1 Rxd6 22. Rxd6 f5 23. Bd1 Kf8 24. Bf3 Bxf3 25. Rxb6 Bd5 26. Rxa6 b4 27. f3 bxc3 28. bxc3 Rxc3 29. Kf2 Bxb3 30. axb3 Rxb3 31. Kg3 Kg7 32. h4 h5 33. Ra5 Kg6 34. Rc5 f6 35. Rc8 e5 36. Rg8+ Kf7 37. Rh8 Kg6 38. Rg8+ Kh6 39. Rh8+ Kg6 40. Rg8+ 1/2-1/2

[Event "Titled Tuesday intern op 31st Jan Early"]
[Site "Chess.com INT"]
[Date "2023.01.31"]
[Round "8"]
[White "Oro, Faustino"]
[Black "Toczek, Grzegorz"]
[Result "1-0"]
[WhiteElo "2182"]
[BlackElo "2250"]
[PlyCount "107"]
[EventDate "2023.01.31"]
[EventType "swiss (blitz)"]
[EventRounds "11"]
[EventCountry "USA"]
[SourceTitle "CBM 212 Extra"]
[Source "ChessBase"]
[SourceDate "2023.03.31"]
[SourceVersion "1"]
[SourceVersionDate "2023.03.31"]
[SourceQuality "1"]

1. Nf3 Nf6 2. e3 g6 3. b3 Bg7 4. Bb2 0-0 5. Be2 d6 6. d4 Nbd7 7. 0-0 Re8 8. c4 e5 9. dxe5 dxe5 10. Nxe5 c6 11. Nxd7 Bxd7 12. Nd2 Qc7 13. Qc2 Bf5 14. Bd3 Be6 15. Nf3 Rad8 16. h3 Qa5 17. Nd4 Bc8 18. Rad1 Qh5 19. Be2 Qh4 20. Nf3 Qh5 21. Rxd8 Rxd8 22. Rd1 Re8 23. Nh2 Qa5 24. Bc3 Qc7 25. Qb2 Qe7 26. Ng4 Bxg4 27. Bxg4 Rd8 28. Rxd8+ Qxd8 29. Bf3 Qd6 30. Be5 Qe6 31. Bd4 a6 32. Qc2 h5 33. b4 Ne8 34. Qc3 Bxd4 35. Qxd4 Nd6 36. c5 Nf5 37. Qd8+ Kg7 38. Qb6 Qd7 39. a4 Nh4 40. Be2 Qd2 41. Bf1 Qd7 42. b5 axb5 43. axb5 Nf5 44. bxc6 bxc6 45. Qb2+ Kg8 46. Qe5 Ne7 47. Qd6 Qb7 48. Bc4 Nf5 49. Qxg6+ Ng7 50. Qd3 Qb2 51. Qd8+ Kh7 52. Bd3+ Kh6 53. Qd6+ f6 54. Qf4# 1-0

[Event "Olympiad-44"]
[Site "Chennai"]
[Date "2022.08.02"]
[Round "5.1"]
[White "Toczek, Grzegorz"]
[Black "Stanojoski, Zvonko"]
[Result "1/2-1/2"]
[WhiteElo "2287"]
[BlackElo "2412"]
[PlyCount "104"]
[EventDate "2022.07.29"]
[EventType "team-swiss"]
[EventRounds "11"]
[EventCountry "IND"]
[SourceTitle "CBM 210"]
[Source "ChessBase"]
[SourceDate "2022.10.31"]
[SourceVersion "1"]
[SourceVersionDate "2022.10.31"]
[SourceQuality "1"]
[WhiteTeam "Wales"]
[BlackTeam "North Macedonia"]
[WhiteTeamCountry "WLS"]
[BlackTeamCountry "MKD"]

1. e4 c5 2. Nf3 d6 3. d4 cxd4 4. Nxd4 Nf6 5. Nc3 g6 6. Be3 Bg7 7. f3 0-0 8. Qd2 Nc6 9. 0-0-0 Nxd4 10. Bxd4 Be6 11. Kb1 Qc7 12. h4 Rfc8 13. h5 Qa5 14. hxg6 fxg6 15. a3 Rc6 16. Bd3 Bf7 17. Qe1 e5 18. Be3 Nh5 19. Bd2 Qd8 20. Nd5 Nf4 21. Nb4 Rc7 22. Bf1 a5 23. Na2 b6 24. Nc3 Rac8 25. Qh4 Qxh4 26. Rxh4 g5 27. Rh2 Rd7 28. Bb5 Rdd8 29. Be3 Rb8 30. Na4 d5 31. exd5 Bxd5 32. Bxf4 Bxf3 33. Rxd8+ Rxd8 34. Bxg5 Rd1+ 35. Ka2 Bd5+ 36. c4 Bb7 37. g3 Rd3 38. Nxb6 Rxg3 39. Bh4 Rg6 40. Nd5 Rg1 41. Ne7+ Kf7 42. c5 Be4 43. c6 Rc1 44. b3 a4 45. Bc4+ Ke8 46. Rd2 Rh1 47. c7 Bb1+ 48. Ka1 Bd3+ 49. Ka2 Bb1+ 50. Ka1 Bd3+ 51. Ka2 Bb1+ 52. Ka1 Bd3+ 1/2-1/2